Countries with the Most Linkedin Users - Statistics

General Stats
  • This quiz has been taken 57 times
    45 since last reset
  • The average score is 13 of 15
Answer Stats
Users Country % Correct
208M United States
100%
59M China
98%
30M France
98%
18M Germany
98%
20M Italy
98%
40M United Kingdom
98%
107M India
95%
23M Canada
91%
20M Spain
91%
65M Brazil
89%
24M Mexico
86%
15M Australia
84%
30M Indonesia
75%
16M Turkey
66%
15M Philippines
52%
No matching quizzes found
Score Distribution
Percent of People with Each Score
Percentile by Number Answered
Your Score History
You have not taken this quiz since the last reset